Schaum's Outline of Theory and Problems of International Economics (Record no. 3508)

MARC details
000 -LEADER
fixed length control field 00830cam a2200265 a 4500
001 - CONTROL NUMBER
control field 3978479
003 - CONTROL NUMBER IDENTIFIER
control field OSt
005 - DATE AND TIME OF LATEST TRANSACTION
control field 20180920183019.0
008 - FIXED-LENGTH DATA ELEMENTS--GENERAL INFORMATION
fixed length control field 950328s1996 nyua 001 0 eng
010 ## - LIBRARY OF CONGRESS CONTROL NUMBER
LC control number 95014740
020 ## - INTERNATIONAL STANDARD BOOK NUMBER
International Standard Book Number 0070549508
040 ## - CATALOGING SOURCE
Original cataloging agency DLC
Transcribing agency DLC
Modifying agency DLC
050 00 - LIBRARY OF CONGRESS CALL NUMBER
Classification number HF1411
Item number .S24 1996
082 00 - DEWEY DECIMAL CLASSIFICATION NUMBER
Classification number 337
Edition number 20
Item number SAL 1996
100 1# - MAIN ENTRY--PERSONAL NAME
Personal name Salvatore, Dominick.
9 (RLIN) 7686
245 10 - TITLE STATEMENT
Title Schaum's Outline of Theory and Problems of International Economics
250 ## - EDITION STATEMENT
Edition statement 4th ed.
260 ## - PUBLICATION, DISTRIBUTION, ETC. (IMPRINT)
Place of publication, distribution, etc. New York :
Name of publisher, distributor, etc. McGraw-Hill,
Date of publication, distribution, etc. 1996.
300 ## - PHYSICAL DESCRIPTION
Extent viii, 276 p. :
Other physical details ill. ;
Dimensions 28 cm.
504 ## - BIBLIOGRAPHY, ETC. NOTE
Bibliography, etc Includes index.
650 #0 - SUBJECT ADDED ENTRY--TOPICAL TERM
Topical term or geographic name as entry element International economic
9 (RLIN) 7834
856 42 - ELECTRONIC LOCATION AND ACCESS
Materials specified Publisher description
Uniform Resource Identifier http://www.loc.gov/catdir/description/mh031/95014740.html
906 ## - LOCAL DATA ELEMENT F, LDF (RLIN)
a 7
b cbc
c orignew
d 1
e ocip
f 19
g y-gencatlg
942 ## - ADDED ENTRY ELEMENTS (KOHA)
Source of classification or shelving scheme Dewey Decimal Classification
Koha item type Short Loan
Holdings
Withdrawn status Lost status Source of classification or shelving scheme Damaged status Not for loan Home library Current library Date acquired Inventory number Total Checkouts Full call number Barcode Date last seen Price effective from Koha item type
    Dewey Decimal Classification     MUST Main Library MUST Main Library 13/04/2016 2003/19038   337 SAL 1996 2016-0802 13/04/2016 13/04/2016 Short Loan
    Dewey Decimal Classification     MUST Main Library MUST Main Library 13/04/2016 2003/19039   337 SAL 1996 2016-0803 13/04/2016 13/04/2016 Short Loan